LDR 00605naa#a2200193#i#450# 001 EN\\bibl\121722 005 20260513043022.3 011 ## _a3034-4689 100 ## _a20260424b2026####ek#y0engy0150####ca 102 ## _aRU 200 1# _aSYNTHESIS AND PROPERTIES OF PHOTOCATALYTIC MATERIALS BASED ON THE TIO2-SIO2/ZNO SYSTEM _eJournal article 210 1# _aKazan _cKazan National Research Technological University _d2026 215 ## _a4 с. 608 ## _aJournal article _2local 700 #1 _aLyutova _gEkaterina Sergeevna 700 #1 _aIvanova _gD. K. 700 #1 _aBorilo _gL. P. 700 #1 _aBuzaev _gA. A. 856 4# _avestniktu.ru _u